[Event "FRA-chT4 0405"]
[Site "Bretagne"]
[Date "2004.12.05"]
[Round "3"]
[White "Le Clanche, Marcel"]
[Black "Picard, Jacques"]
[Result "1-0"]
[WhiteElo "1730"]
[BlackElo "1600"]
[PlyCount "75"]
[EventDate "2004.04.03"]
[EventType "team"]
[EventRounds "7"]
[EventCountry "FRA"]
[SourceTitle "EXT 2007"]
[Source "ChessBase"]
[SourceDate "2006.11.23"]
[SourceVersion "1"]
[SourceVersionDate "2006.11.23"]
[SourceQuality "1"]

1. d4 d5 2. Nf3 Nf6 3. c4 c6 4. Nc3 e6 5. Bg5 Nbd7 6. e3 Be7 7. Bd3 0-0 8. 0-0 h6 9. Bh4 Re8 10. Rc1 dxc4 11. Bxc4 Nb6 12. Bb3 Nfd7 13. Bg3 Bf6 14. Ne4 Be7 15. Nfd2 Nf6 16. Nxf6+ Bxf6 17. Qh5 Be7 18. Nf3 Nd7 19. Rfd1 Nf6 20. Qe5 a5 21. Rc4 Bd7 22. a4 Rc8 23. Rdc1 Qb6 24. R4c3 Nd5 25. Bxd5 exd5 26. Qh5 Bf6 27. Be5 Qd8 28. Bxf6 Qxf6 29. Ne5 Be6 30. Rc5 Qd8 31. Qd1 f6 32. Nd3 Bf5 33. Nf4 Ra8 34. Qh5 Qd7 35. h3 Kh7 36. Qd1 g5 37. Nxd5 Be4 38. Nxf6+ 1-0

[Event "FRA-chT3 0405"]
[Site "France"]
[Date "2004.11.07"]
[Round "2"]
[White "Picard, Jacques"]
[Black "Coll, Henri"]
[Result "1/2-1/2"]
[WhiteElo "1600"]
[BlackElo "1670"]
[PlyCount "99"]
[EventDate "2004.10.10"]
[EventType "team"]
[EventRounds "9"]
[EventCountry "FRA"]
[SourceTitle "EXT 2007"]
[Source "ChessBase"]
[SourceDate "2006.11.23"]
[SourceVersion "1"]
[SourceVersionDate "2006.11.23"]
[SourceQuality "1"]

1. e4 c5 2. Nf3 Nc6 3. d4 cxd4 4. Nxd4 d6 5. Be3 Nf6 6. Nc3 a6 7. a3 e6 8. Bc4 Ne5 9. Ba2 Be7 10. Qd2 0-0 11. h3 b5 12. f4 Ng6 13. 0-0-0 Bb7 14. f5 exf5 15. exf5 Ne5 16. Rhg1 Ne4 17. Nxe4 Bxe4 18. g4 d5 19. Bf4 Nc4 20. Bxc4 dxc4 21. g5 Bc5 22. f6 Bxd4 23. Qxd4 Qxd4 24. Rxd4 Bf5 25. h4 Rfd8 26. Rgd1 Rxd4 27. Rxd4 g6 28. Kd2 Kf8 29. c3 Ke8 30. Ke3 Rd8 31. Rxd8+ Kxd8 32. Kd4 Kc8 33. Kc5 Kb7 34. a4 Bd7 35. axb5 axb5 36. Kd6 Be6 37. Ke7 Ka6 38. Kf8 Ka5 39. Kg7 Ka4 40. Kxh7 Kb3 41. Kh6 Kxb2 42. Be5 Kb3 43. h5 gxh5 44. Kxh5 b4 45. cxb4 Kxb4 46. g6 fxg6+ 47. Kxg6 c3 48. Bxc3+ Kxc3 49. f7 Bxf7+ 50. Kxf7 1/2-1/2

[Event "FRA-chT4 0304"]
[Site "Bretagne"]
[Date "2004.02.01"]
[Round "5"]
[White "Picard, Jacques"]
[Black "Crahan, Gwendal"]
[Result "1/2-1/2"]
[WhiteElo "1590"]
[BlackElo "1660"]
[PlyCount "115"]
[EventDate "2003.10.12"]
[EventType "team"]
[EventRounds "9"]
[EventCountry "FRA"]
[SourceTitle "EXT 2005"]
[Source "ChessBase"]
[SourceDate "2004.11.15"]
[SourceVersion "1"]
[SourceVersionDate "2004.11.15"]
[SourceQuality "1"]

1. e4 c6 2. d4 d5 3. exd5 cxd5 4. Nf3 Nc6 5. Be2 Bf5 6. Be3 e6 7. c3 Nf6 8. Nbd2 Bd6 9. 0-0 0-0 10. h3 Qc7 11. Re1 a5 12. c4 dxc4 13. Nxc4 Bb4 14. Rf1 Nd5 15. a3 Nxe3 16. Nxe3 Be7 17. Bd3 Bxd3 18. Qxd3 Rfd8 19. Rfd1 Qf4 20. Nc2 Rd5 21. Qe3 Qf5 22. Qd3 Qf6 23. Ne3 Rh5 24. Ng4 Qf4 25. Qe3 Qd6 26. Rd3 Rd8 27. Rad1 Rd5 28. Qd2 f6 29. Ne3 Rb5 30. d5 exd5 31. Rxd5 Rxd5 32. Qxd5+ Qxd5 33. Rxd5 Rxd5 34. Nxd5 Bd6 35. Kf1 Kf7 36. Ke2 Ke6 37. Nc3 Bf4 38. Ne1 Ne5 39. Nd3 Nxd3 40. Kxd3 Ke5 41. b3 Bc1 42. a4 Ba3 43. Ne2 g5 44. g4 Bc5 45. f3 b6 46. Kc4 f5 47. Kd3 fxg4 48. hxg4 Bf2 49. Kc4 Bc5 50. Kd3 Kd5 51. Nc3+ Ke5 52. Ne2 Bb4 53. Kc4 Ke6 54. Ng3 Ke5 55. Ne2 Be1 56. Kd3 Kd5 57. Nd4 Bf2 58. Nf5 1/2-1/2

[Event "Ile et Vilaine-ch"]
[Site "Ile et Vilaine"]
[Date "2003.03.23"]
[Round "7"]
[White "Picard, Jacques"]
[Black "Le Senechal, Maurice"]
[Result "1-0"]
[WhiteElo "1600"]
[BlackElo "1590"]
[PlyCount "47"]
[EventDate "2002.10.19"]
[EventType "swiss"]
[EventRounds "7"]
[EventCountry "FRA"]
[SourceTitle "EXT 2008"]
[Source "ChessBase"]
[SourceDate "2007.11.25"]
[SourceVersion "1"]
[SourceVersionDate "2007.11.25"]
[SourceQuality "1"]

1. e4 d6 2. d4 Nf6 3. Nc3 g6 4. Bg5 Bg7 5. Qd2 0-0 6. f4 Bg4 7. h3 Bd7 8. 0-0-0 a6 9. Nf3 b5 10. a3 c5 11. e5 b4 12. exf6 bxc3 13. Qxc3 exf6 14. Bh4 Qb6 15. dxc5 dxc5 16. Bf2 Rc8 17. Bc4 Be6 18. g4 f5 19. Ne5 Bxc4 20. Qxc4 fxg4 21. hxg4 Qc7 22. Rd7 Nxd7 23. Qxf7+ Kh8 24. Nxg6# 1-0

[Event "Noisy le Grand op"]
[Site "Noisy le Grand"]
[Date "2003.??.??"]
[Round "6"]
[White "Lagarde, Robert"]
[Black "Picard, Jacques"]
[Result "1-0"]
[WhiteElo "1430"]
[BlackElo "1490"]
[PlyCount "99"]
[EventDate "2003.05.??"]
[EventType "swiss"]
[EventRounds "7"]
[EventCountry "FRA"]
[SourceTitle "EXT 2005"]
[Source "ChessBase"]
[SourceDate "2004.11.15"]
[SourceVersion "1"]
[SourceVersionDate "2004.11.15"]
[SourceQuality "1"]

1. Nf3 Nf6 2. g3 d6 3. Bg2 g6 4. 0-0 Bg7 5. d3 0-0 6. Nbd2 Bg4 7. c4 c6 8. Rb1 Qc8 9. b3 Bh3 10. Bb2 Bxg2 11. Kxg2 Nbd7 12. a4 e5 13. e4 Nc5 14. Qc2 Ne6 15. d4 exd4 16. Nxd4 Nxd4 17. Bxd4 Re8 18. Rbe1 Qc7 19. Bxf6 Bxf6 20. Re2 Re7 21. Qd3 Rd8 22. Rfe1 Red7 23. Qf3 Bg7 24. Nb1 Re7 25. Nc3 Rde8 26. Qd3 Re6 27. Re3 Qb6 28. Qc2 Bd4 29. R3e2 Qa5 30. Nd1 Qh5 31. Qd3 Bg7 32. f4 Qc5 33. Qf3 d5 34. cxd5 cxd5 35. e5 Rd8 36. Nb2 Re7 37. Nd3 Qb6 38. b4 Bf8 39. f5 gxf5 40. Qxf5 Qg6 41. Qxg6+ hxg6 42. Rc1 Re6 43. Rc7 Re7 44. Rxe7 Bxe7 45. Rc2 Rd7 46. Rc8+ Kg7 47. b5 b6 48. Rc6 Ba3 49. Kf3 Re7 50. h4 1-0

[Event "Noisy le Grand op"]
[Site "Noisy le Grand"]
[Date "2003.??.??"]
[Round "3"]
[White "Maillot, Gregory"]
[Black "Picard, Jacques"]
[Result "1-0"]
[WhiteElo "1750"]
[BlackElo "1490"]
[PlyCount "89"]
[EventDate "2003.05.??"]
[EventType "swiss"]
[EventRounds "7"]
[EventCountry "FRA"]
[SourceTitle "EXT 2005"]
[Source "ChessBase"]
[SourceDate "2004.11.15"]
[SourceVersion "1"]
[SourceVersionDate "2004.11.15"]
[SourceQuality "1"]

1. e4 d6 2. d4 Nf6 3. Nc3 g6 4. Bg5 Bg7 5. Qd2 0-0 6. 0-0-0 Nc6 7. Bc4 a6 8. Bb3 Na5 9. f3 Nxb3+ 10. axb3 b5 11. Qe3 Bd7 12. e5 Re8 13. Qf2 b4 14. exf6 exf6 15. Nd5 fxg5 16. Nxb4 a5 17. Nd3 a4 18. bxa4 Rxa4 19. Ne2 Bf5 20. Rhe1 Qa8 21. Nc3 Bxd4 22. Rxe8+ Qxe8 23. Re1 Ra1+ 24. Nb1 Bxf2 25. Rxe8+ Kg7 26. Nxf2 c6 27. Ne4 d5 28. Nxg5 h6 29. Nh3 Bxh3 30. gxh3 Kf6 31. Rc8 Ra6 32. Nc3 Kf5 33. Kd2 Kf4 34. Ne2+ Kxf3 35. Rxc6 Rxc6 36. Nd4+ Ke4 37. Nxc6 f5 38. b4 d4 39. b5 Kd5 40. Nxd4 Kc5 41. Kd3 h5 42. h4 Kb6 43. c4 Kc5 44. Ne6+ Kb6 45. Nf4 1-0

[Event "Noisy le Grand op"]
[Site "Noisy le Grand"]
[Date "2003.??.??"]
[Round "7"]
[White "Picard, Jacques"]
[Black "Birot, Jacques"]
[Result "1-0"]
[WhiteElo "1490"]
[BlackElo "1380"]
[PlyCount "77"]
[EventDate "2003.05.??"]
[EventType "swiss"]
[EventRounds "7"]
[EventCountry "FRA"]
[SourceTitle "EXT 2005"]
[Source "ChessBase"]
[SourceDate "2004.11.15"]
[SourceVersion "1"]
[SourceVersionDate "2004.11.15"]
[SourceQuality "1"]

1. e4 c5 2. Nc3 e6 3. f4 Nc6 4. Nf3 d6 5. Bc4 Be7 6. d3 Qc7 7. 0-0 a6 8. Qe1 Nf6 9. e5 Nd7 10. f5 Ndxe5 11. fxe6 f6 12. Nd5 Qd8 13. Nxe7 Qxe7 14. Nxe5 dxe5 15. Be3 Nd4 16. Qf2 Bxe6 17. Bxe6 Qxe6 18. c3 Nf5 19. Bxc5 Rd8 20. Qxf5 Qxf5 21. Rxf5 Rxd3 22. Rf2 Kf7 23. Kf1 e4 24. Ke1 Re8 25. Bd4 e3 26. Re2 g5 27. Rd1 Rxd1+ 28. Kxd1 f5 29. Rxe3 Rxe3 30. Bxe3 Kg6 31. b4 f4 32. Bd4 Kf5 33. Ke2 Kg4 34. c4 h5 35. a4 h4 36. h3+ Kg3 37. Bf6 f3+ 38. gxf3 Kxh3 39. Bxg5 1-0

[Event "Noisy le Grand op"]
[Site "Noisy le Grand"]
[Date "2003.??.??"]
[Round "5"]
[White "Picard, Jacques"]
[Black "Reubrez, Christophe"]
[Result "0-1"]
[WhiteElo "1490"]
[BlackElo "1750"]
[PlyCount "96"]
[EventDate "2003.05.??"]
[EventType "swiss"]
[EventRounds "7"]
[EventCountry "FRA"]
[SourceTitle "EXT 2005"]
[Source "ChessBase"]
[SourceDate "2004.11.15"]
[SourceVersion "1"]
[SourceVersionDate "2004.11.15"]
[SourceQuality "1"]

1. e4 d6 2. d4 Nf6 3. Nc3 g6 4. Be2 Bg7 5. h4 c6 6. h5 gxh5 7. Bxh5 Qa5 8. Bf3 Be6 9. Nge2 Nbd7 10. Bd2 Qb6 11. Qc1 0-0-0 12. Na4 Qc7 13. b3 Bg4 14. Bxg4 Nxg4 15. f3 Ngf6 16. Qa3 c5 17. Nac3 a6 18. d5 Ne5 19. 0-0-0 Rdf8 20. Kb1 Nfd7 21. Ng3 h5 22. Nxh5 Bh6 23. Bxh6 Rxh6 24. Nf4 Rf6 25. Nce2 Qb6 26. Qc1 Kb8 27. c4 a5 28. Kc2 Kc7 29. Nc3 Rg8 30. Rhg1 Ng6 31. Nxg6 Rfxg6 32. Rd2 Ne5 33. Qf1 Qb4 34. Kb2 a4 35. Qf2 Nxc4+ 36. Ka1 Nxd2 37. Qxd2 axb3 38. g4 Ra8 39. Rg2 bxa2 40. Qc1 Rgg8 41. Rb2 Qa5 42. e5 Rgb8 43. exd6+ exd6 44. Qg5 Re8 45. Nb5+ Qxb5 46. Rxb5 Re1+ 47. Kb2 a1Q+ 48. Kb3 Qb1+ 0-1

[Event "Ile et Vilaine-chA 0001"]
[Site "Ile et Vilaine"]
[Date "2000.10.21"]
[Round "1"]
[White "Picard, Jacques"]
[Black "Marquer, Yoann"]
[Result "0-1"]
[WhiteElo "1499"]
[BlackElo "1230"]
[PlyCount "70"]
[EventDate "2000.10.21"]
[EventType "swiss"]
[EventRounds "7"]
[EventCountry "FRA"]
[SourceTitle "EXT 2007"]
[Source "ChessBase"]
[SourceDate "2006.11.23"]
[SourceVersion "1"]
[SourceVersionDate "2006.11.23"]
[SourceQuality "1"]

1. e4 e6 2. d4 d5 3. e5 c5 4. c3 Nc6 5. Nf3 Qb6 6. Be2 cxd4 7. cxd4 Bb4+ 8. Nc3 f6 9. Bf4 g5 10. Be3 Bd7 11. exf6 Nxf6 12. Nxg5 0-0-0 13. Nf7 Rhg8 14. Nxd8 Kxd8 15. 0-0 Qc7 16. g3 e5 17. Nb5 Qb8 18. dxe5 Qxe5 19. Nxa7 Nxa7 20. Bxa7 Bh3 21. Bb6+ Ke7 22. Re1 Bxe1 23. Qxe1 Kf7 24. Bh5+ Qxh5 25. Rc1 Re8 26. Rc7+ Kg8 27. Re7 Rf8 28. Qd2 Rf7 29. Rxf7 Kxf7 30. Qd3 Bf5 31. Qd2 Qh3 32. Qf4 Be4 33. f3 Bd3 34. Qc7+ Kg6 35. Kh1 Qf1+ 0-1